Trợ cấp thôi việc theo luật lao động Việt Nam (Sách tham khảo)
Những vấn đề lý luận, thực trạng áp dụng và phương hướng hoàn thiện chế độ trợ cấp thôi việc ở Việt Nam. Một số văn bản cần thiết để áp dụng (trích 6 nghị định, thông tư, luật).
Na minha lista:
| Autor principal: | |
|---|---|
| Formato: | Livro |
| Idioma: | Undetermined |
| Publicado em: |
Hà Nội
Chính trị Quốc gia
2000
|
| Assuntos: | |
| Tags: |
Adicionar Tag
Sem tags, seja o primeiro a adicionar uma tag!
|
| Thư viện lưu trữ: | Trung tâm Học liệu Trường Đại học Cần Thơ |
|---|
| LEADER | 00974nam a2200217Ia 4500 | ||
|---|---|---|---|
| 001 | CTU_42832 | ||
| 008 | 210402s9999 xx 000 0 und d | ||
| 020 | |c 13500 | ||
| 082 | |a 344.03 | ||
| 082 | |b H305 | ||
| 100 | |a Đàm, Bích Hiên | ||
| 245 | 0 | |a Trợ cấp thôi việc theo luật lao động Việt Nam | |
| 245 | 0 | |b (Sách tham khảo) | |
| 245 | 0 | |c Đàm Bích Hiên | |
| 260 | |a Hà Nội | ||
| 260 | |b Chính trị Quốc gia | ||
| 260 | |c 2000 | ||
| 520 | |a Những vấn đề lý luận, thực trạng áp dụng và phương hướng hoàn thiện chế độ trợ cấp thôi việc ở Việt Nam. Một số văn bản cần thiết để áp dụng (trích 6 nghị định, thông tư, luật). | ||
| 650 | |a Labor laws (Vietnamese laws),Welfare economics | ||
| 904 | |i Nguyễn Quang Điền, 010813 | ||
| 980 | |a Trung tâm Học liệu Trường Đại học Cần Thơ | ||